Allocutions prononcées au cours de la séance spéciale du Conseil Exécutif consacrée à la commémoration du cinquième centenaire de la rencontre de deux mondes (1492-1992) (Record no. 133987)

MARC details
000 -CABECERA
campo de control de longitud fija 00662nam a2200181 a 4500
005 - FECHA Y HORA DE LA ÚLTIMA TRANSACCIÓN
campo de control 20210219160250.0
008 - ELEMENTOS DE LONGITUD FIJA--INFORMACIÓN GENERAL
campo de control de longitud fija 081002s2000 mx r 000 0 spa d
035 ## - NÚMERO DE CONTROL DEL SISTEMA
Número de control de sistema UPN01000161874
049 ## - COLECCIÓN
Colección UNE
080 ## - NÚMERO DE CLASIFICACIÓN DECIMAL UNIVERSAL
Número de la Clasificación Decimal Universal DO 008 (042) (100) =20=40 1992ALL.
245 00 - MENCIÓN DE TÍTULO
Título Allocutions prononcées au cours de la séance spéciale du Conseil Exécutif consacrée à la commémoration du cinquième centenaire de la rencontre de deux mondes (1492-1992)
260 ## - PUBLICACIÓN, DISTRIBUCIÓN, ETC.
Lugar de publicación, distribución, etc. Paris : UNESCO, 1992.
300 ## - DESCRIPCIÓN FÍSICA
Extensión 63 p. ;
690 ## - PUNTO DE ACCESO ADICIONAL DE MATERIA LOCAL--TÉRMINO DE MATERIA (OCLC, RLIN)
Término de materia o nombre geográfico como elemento inicial Discursos- Celebraciones de aniversarios
690 ## - PUNTO DE ACCESO ADICIONAL DE MATERIA LOCAL--TÉRMINO DE MATERIA (OCLC, RLIN)
Término de materia o nombre geográfico como elemento inicial Quinto Centenario del Encuentro de dos Mundos
710 2# - ASIENTO SECUNDARIO - NOMBRE CORPORATIVO
Nombre de entidad corporativa o nombre de jurisdicción como elemento de entrada UNESCO
905 ## - TIPO DE MATERIAL
Tipo de material UNESCO

No items available.